Представление документа в формате RUSMARC

ПолеНазваниеЗначение
  Тип записи c
  Библиографический уровень m
001 Контрольный номер RU/УОНБ/EK_N/695830708
005 Дата корректировки 20250520121934.4
013 Номер (ISMN) __
a Номер (ISMN) 979-0-66010-136-0
d Цена 495 р.
071 Издательские номер (звукозапись и ноты) 21
a Номер, присвоенный агентством 17691
100 Данные общей обработки __
a Данные общей обработки 20220118d2020 u y0rusy0189||||ca
101 Язык документа 0_
a Язык текста rus
a Язык текста eng
f Язык титульного листа rus
f Язык титульного листа eng
102 Страна публикации __
a Страна публикации RU
105 Кодированные данные (монография) __
a Кодированные данные (монография) y###||||000|y
125 Кодированные данные звукозаписи и нотных изданий __
a Форма изложения нотного текста с|
128 Кодированные данные (звукозаписи-физические характеристики) __
a Кодированные данные: Музыкальная форма и тональность или лад zz
c Инструменты или голоса, рекомендуемые для солистов (устаревшее) ve||
c Инструменты или голоса, рекомендуемые для солистов (устаревшее) vj||
200 Заглавие и сведения об ответственности 1_
a Заглавие Искусство пения
b Общее обозначение материала Ноты
d Параллельное заглавие The art of Singing
e Сведения, относящиеся к заглавию 40 мелодий возрастающей трудности
e Сведения, относящиеся к заглавию для контральто или баритона в сопровожд. фп.
f Первые сведения об ответственности Зейдлер
g Последующие сведения об ответственности предисл. авт.
z Язык параллельного заглавия eng
210 Выходные данные 1_
a Место издания Москва
c Издательство Музыка
d Дата издания [2020]
215 Физическое описание __
a Объем 100 с.
d Формат 29 см
300 Общие примечания __
a Общие примечания Парал. рус., англ. яз.
512 Заглавие обложки 1_
a Заглавие обложки Искусство пения
600 Персоналии _1
a Персоналии (Фамилия) Зейдлер, Гаэтано
606 Тематические рубрики 0_
a Основная рубрика Контральто
x Основная подрубрика Вокализы
606 Тематические рубрики 0_
a Основная рубрика Баритон
x Основная подрубрика Вокализы
610 Ключевые слова 0_
a Ключевые слова контральто
610 Ключевые слова 0_
a Ключевые слова баритон
610 Ключевые слова 0_
a Ключевые слова вокализы
610 Ключевые слова 0_
a Ключевые слова Зейдлер Г.
686 Индексы других классификаций __
a Классификационный индекс 85.943.91
a Классификационный индекс 85.943.2
2 Код системы rubbk
700 Автор _1
a Фамилия Зейдлер
b Имя (инициалы) Г.
g Полное личное имя Гаэтано
702 Вторичная интеллектуальная ответственность _1
a Фамилия Зейдлер
b Имя (инициалы) Г.
4 Код отношения 080
801 Источник записи _0
a Страна RU
b Организация Ульяновская ОНБ
c Дата составления 20220118
g Правила каталогизации RCR
801 Источник записи _1
a Страна RU
b Организация Ульяновская ОНБ
c Дата составления 20220118
g Правила каталогизации RCR
901 Тип документа __
t Тип документа m
909 Создатель записи __
a Создатель записи Лобина Л. И.
910 Корректоры записи __
a Корректор записи Васина
938 Служебная информация __
a Имя БД noti
b Имя библиотеки УОНБ
c Имя АИБС МАРК-SQL
d Номер DOC_ID в БД 25236